000 00325 a2200145 4500
001 167744
020 _a
040 _cMagnum
100 _aMoreira, Antonio Flavio Barbosa (Org)
240 1 0 _aCurriculo: questoes atuais
_lpor
245 1 0 _aCurriculo: questoes atuais
362 0 _a1899
697 _aENSINO
942 _cBK
999 _c167744
_d167744